Répliques de Louis de Funès - Statistiques

Statistiques générales
  • Ce quiz a été pris 566 fois
  • Le résultat moyen est 11 sur 20
Statistiques - réponses
Hint Réponse % Correct
Si on peut plus péter sous les étoiles sans faire tomber un martien, il va nous en arriver des pleines brouettes ! La soupe aux choux
89%
Je demande un volontaire... pour se mettre tout nu au milieu des nudistes. Le Gendarme de Saint-Tropez
86%
Et vous êtes le grand-père de votre mère, c'est à dire ma femme. Hibernatus
68%
Mon eau minérale ! L'Aile ou la Cuisse
65%
Je répète, ich wiederhole : ein Kilogramm Kartoffeln, ein Liter Milch, drei Eier, neunzig Gram Butter, Salz und… und… MUSKATNUSS !… MUSKATNUSS, HERR MÜLLER !!! Le Grand Restaurant
62%
Mon pendu ? Où est mon pendu ? On m'as dépendu mon pendu ! Fantomas contre Scotland Yard
61%
Mais moi non plus ! Ils peuvent vous tuer, je ne parlerai pas ! La Grande Vadrouile
60%
Soudain, je me retourne, et j'abats deux tueurs avec ma troisième main. Fantomas se déchaîne
58%
Qu'est ce que je vais devenir ? Je suis ministre, je ne sais rien faire ! La folie des grandeurs
57%
Eh bah un piéton, et puis voilà ! Le Corniaud
56%
Je vous donne deux millions pour ce que vous avez dans le dos ! Le Tatoué
54%
Et maintenant, je voudrais bien savoir quel est le bougre de cochon qui a fait un enfant à ma fille. Oscar
53%
Excès de vitesse, dépassement dangeureux, refus d'obtempérer... Vous m'avez plu tout de suite. Le Gendarme se marie
52%
Dites-moi, vous ne trouvez pas que maintenant on ne sait plus sauter comme autrefois ? Faites sauter la banque
48%
Oui, mais je ne suis pas une dame. I'm the père, I'm the father. Le Gendarme à New York
43%
Vous faites comme d'habitude : vous promettez tout, et moi je ne donnes rien ! Les Aventures de Rabbi Jacob
39%
Je suis français, moi, monsieur ! Je veux bien me noyer dans le Beaujolais, mais pas dans un océan de Whisky écossais ! Les Grandes Vacances
34%
Non, non, il ne souffre pas. Il a l'impression de souffrir. C'est psychique. Le Petit Baigneur
30%
Un face à face, d'accord, mais moi tout seul! La Zizanie
26%
Hum, cette bonne graisse qui s'en va. L'Homme orchestre
19%
Aucun quiz correspondant
Distribution des résultats
% des personnes avec chaque résultat
Percentile par nombre de réponses
Votre historique - résultats
Vous n’avez pas pris ce quiz